|
|
|
|
| LEADER |
00000nas a2200000 a 4500 |
| 001 |
ssj0005230 |
| 003 |
WaSeSS |
| 005 |
20200512172242.0 |
| 006 |
m d |
| 007 |
cr n |
| 008 |
980126c19979999ne br pss 0 a0eng c |
| 010 |
|
|
|a 2007233706
|
| 016 |
7 |
|
|a 012432649
|2 Uk
|
| 022 |
|
|
|a 1573-756X
|l 1384-5810
|y 1384-5810
|
| 035 |
|
|
|a (WaSeSS)ssj0005230
|
| 037 |
|
|
|b Kluwer Academic Publishers, Spuiboulevard 50, P.O. Box 17, 3300 AA Dordrecht, The Netherlands
|
| 040 |
|
|
|a F#A
|b eng
|c F#A
|d OCL
|d IXA
|d OCLCQ
|d MUQ
|d OCLCQ
|d OCL
|d UV0
|d GUA
|d OCLCQ
|d UKMGB
|d OCLCQ
|d OCLCO
|d OCLCQ
|d OCLCF
|d SE4M6
|d OCLCQ
|d AU@
|d VT2
|d NJT
|d DLC
|d WaSeSS
|
| 042 |
|
|
|a pcc
|
| 050 |
0 |
0 |
|a QA76.9.D343
|
| 082 |
0 |
4 |
|a 006.31
|
| 130 |
0 |
|
|a Data mining and knowledge discovery (Online)
|
| 245 |
1 |
0 |
|a Data mining and knowledge discovery
|h [electronic resource].
|
| 260 |
|
|
|a [Dordrecht] :
|b Kluwer Academic Publishers,
|c 1997-
|
| 310 |
|
|
|a Bimonthly,
|b 2004-
|
| 321 |
|
|
|a Four issues yearly,
|b 1997-2003
|
| 362 |
0 |
|
|a Vol. 1, issue 1 (Mar. 1997)-
|
| 500 |
|
|
|a Title from journal information screen (viewed Jan. 25, 1998).
|
| 500 |
|
|
|a Published: Springer, <2007->
|
| 506 |
|
|
|a License restrictions may limit access.
|
| 515 |
|
|
|a Some issues combined.
|
| 538 |
|
|
|a Mode of access: World Wide Web.
|
| 588 |
|
|
|a Latest issue consulted: Vol. 33, issue 4 (July 2019), (SpringerLink, viewed July 22, 2019)
|
| 650 |
|
0 |
|a Data mining
|v Periodicals.
|
| 650 |
|
0 |
|a Database searching
|v Periodicals.
|
| 650 |
|
0 |
|a Information retrieval
|v Periodicals.
|
| 650 |
|
6 |
|a Data Mining
|v Périodiques.
|
| 650 |
|
6 |
|a Bases de données
|x Interrogation
|v Périodiques.
|
| 650 |
|
6 |
|a Recherche de l'information
|v Périodiques.
|
| 650 |
|
7 |
|a Data mining.
|2 fast
|0 (OCoLC)fst00887946
|
| 650 |
|
7 |
|a Database searching.
|2 fast
|0 (OCoLC)fst00888058
|
| 650 |
|
7 |
|a Information retrieval.
|2 fast
|0 (OCoLC)fst00972619
|
| 650 |
|
7 |
|a Datagruvedrift
|v Tidsskrifter.
|2 tekord
|
| 655 |
|
0 |
|a Electronic journals.
|
| 776 |
0 |
8 |
|i Print version:
|t Data mining and knowledge discovery
|x 1384-5810
|w (DLC)sn 98038132
|w (OCoLC)38037443
|
| 850 |
|
|
|a DLC
|
| 856 |
4 |
0 |
|z Full text available from Research Library: 01/01/1997 to 1 year ago
|u https://search.proquest.com/publication/43030
|